000
00322nam a22001457a 4500
008
180814b xxu||||| |||| 00| 0 eng d
020
_a
0967302919
041
_a
eng
080
_a
37
082
_a
37
100
_a
25
101
_a
EDU
245
_a
Protecting study volunteers in research
_c
Dunn.C.M
942
_2
udc
_c
BK
999
_c
47111
_d
47111